000
00322nam a22001457a 4500
020
_a
xxxxxxxxxx
082
_a
REF 380.1096. TRA
100
_a
Slam
245
_a
Trade Year book of Africa
250
_a
6th ed.
260
_a
Madrid
_b
Slam
_c
1968
300
_a
1368p.
_b
ill.;27cm
500
_a
Includes index
942
_c
BK
999
_c
12591
_d
12591